| 000 | 00634nam a2200169Ia 4500 | ||
|---|---|---|---|
| 999 |
_c17602 _d17602 |
||
| 082 | _aTA.0274 | ||
| 100 | _aAbaji, Pawar Lalita | ||
| 245 | 0 | _aOrganisation and working of district rural development agency, Satara with special reference to integrated rural development project (Maharashtra state): a case study | |
| 250 | _aShivaji University, | ||
| 260 | _c2003 | ||
| 300 | _a299 | ||
| 504 | _aincludes bibliography | ||
| 650 |
_aRural development _vSatara District (Maharashtra) |
||
| 650 |
_a Integrated Rural Development Programme (IRDP) _vSatara District (Maharashtra) |
||
| 710 | _aTarodi, Lakshminarayana R | ||
| 942 | _cTH | ||